Process systems analysis and control /

Guardado en:
Autor Principal: Coughanowr, Donald R.
Otros Autores: Koppel, Lowell B.
Formato: Libro
Idioma:English
Publicado: New York : McGraw-Hill, c1965.
Series:McGraw-Hill chemical engineering series. International student edition
Materias:
Etiquetas: Agregar Etiqueta
Sin Etiquetas, Sea el primero en etiquetar este registro!
LEADER 00937cam a22002535a 4500
001 EIQ.libpla003364
008 730306s1965####nyua#####b####001#0#eng#d
005 20150415134354.0
245 1 0 |a Process systems analysis and control /  |c Donald R. Coughanowr, Lowell B. Koppel. 
260 |a New York :  |b McGraw-Hill,  |c c1965. 
300 |a xii, 491 p. :  |b il. ;  |c 23 cm. 
440 0 |a McGraw-Hill chemical engineering series. International student edition 
504 |a Bibliografía al pie de página. 
500 |a Incluye índice. 
100 1 |a Coughanowr, Donald R. 
700 1 |a Koppel, Lowell B. 
082 |a 629.8 
650 4 |a Control de procesos químicos  |x Análisis. 
650 4 |a Control  |x Procesos químicos. 
650 4 |a Control  |x Chemical process. 
650 4 |a Chemical process control  |x Analysis. 
010 |a  64023273  
040 |a DLC  |c ODaWU  |d OCoLC  |d Uk  |d DLC  |d AR-BbSID 
859 |a AR-BbSID  |b BIB. PLAPIQUI  |h 629.8  |i C 831  |p 5552  |t Ej. 1